|
|
|
|
| LEADER |
00000nab a2200000 a 4500 |
| 001 |
vtls000684566 |
| 003 |
SK-MaSNL |
| 005 |
20260303185100.0 |
| 008 |
140422c1999 xo 0 slo |
| 015 |
|
|
|a SNBRB1999/04-10883
|
| 035 |
|
|
|a CLN000036733
|
| 040 |
|
|
|a SNKBUCL
|b slo
|c SNKBUCL
|e AACR2
|
| 041 |
0 |
|
|a slo
|
| 044 |
|
|
|a xo
|c SK
|
| 080 |
|
|
|a 82.09:885.4-3(048)
|2 1997
|
| 080 |
|
|
|a 885.4-3(048)
|2 1997
|
| 100 |
1 |
|
|a Červeňák, Andrej,
|d 1932-2012
|4 aut
|9 153402
|
| 245 |
1 |
0 |
|a Život - protiživot - antiživot
|c Andrej Červeňák
|
| 300 |
|
|
|b Fotogr.
|
| 650 |
0 |
7 |
|a novely spoločenské slovenské
|x recenzie
|2 snkbucl
|9 847768
|
| 655 |
|
7 |
|a články z novín a časopisov
|2 snkbucl
|9 267496
|
| 773 |
0 |
|
|t Literárny týždenník
|g Roč. 12, č. 7 (1999), s. 6
|x 0862-5999
|
| 787 |
0 |
8 |
|i Rec.:
|a Maťuga, Viktor Simmer, 1955-
|t Protiživot
|d [Bratislava] : Proxima, 1998
|z 8096770543
|
| 850 |
|
|
|a Slovenská národná knižnica v Martine
|
| 852 |
|
|
|a SNK
|b KIS3GCP
|
| 958 |
|
|
|a LX
|
| 958 |
|
|
|a SK
|
| 992 |
|
|
|a RBX
|
| 999 |
|
|
|c 2129656
|d 2131586
|